| 000 | 00634pam a2200217 4500 | ||
|---|---|---|---|
| 001 | 323 | ||
| 005 | 20181127161310.0 | ||
| 008 | 980519r19991997nyu 000 1 eng | ||
| 010 | _a 98026449 | ||
| 020 | _a0679781587 (pbk.) | ||
| 043 | _aa-ja--- | ||
| 100 | 1 |
_aGolden, Arthur, _d1957- |
|
| 245 | 1 | 0 |
_aMemoirs of a geisha : _ba novel / _cArthur Golden. |
| 250 | _aVintage contemporaries ed. | ||
| 260 |
_aNew York : _bVintage Books, _c1999. |
||
| 300 |
_a434 p. ; _c21 cm. |
||
| 650 | 0 |
_aGeishas _xFiction. |
|
| 650 | 0 |
_aWomen _zJapan _vFiction. |
|
| 651 | 0 |
_aJapan _xHistory _y20th century _xFiction. |
|
| 655 | 7 |
_aHistorical fiction. _2gsafd |
|
| 999 |
_c286 _d286 |
||